Aladdin

Bibliographic Details
Main Author: Harpreet Kaur
Format: Book
Published: Selangor : Edukid Pub. Sdn. Bhd , 2015
Series:Siri dongeng kanak - kanak
Subjects:

MARC

LEADER 00000cam a2200000 7i4500
001 0000061070
005 20220105104207.0
008 160313
020 |a 9789673642182 
090 0 0 |a JP   |b MAL 
100 1 |a Harpreet Kaur 
245 0 0 |a Aladdin   |c Harpreet Kaur 
260 |a Selangor :   |b Edukid Pub. Sdn. Bhd ,   |c 2015 
300 |a 100pg. ;   |c 23cm. 
490 1 |a Siri dongeng kanak - kanak 
500 |a Children age 4-6 years old (yellow) 
650 0 |a Folklore 
999 |a 000139212   |b Book   |c Children Collection   |e Cawangan Muar 
999 |a 0001389317   |b Book   |c Children Collection   |e Perbadanan Perpustakaan Awam Johor 
999 |a 0001389319   |b Book   |c Children Collection   |e Cawangan Urban Transformation Centre 
999 |a 0001389321   |b Book   |c Children Collection   |e Perbadanan Perpustakaan Awam Johor 
999 |a 0001389322   |b Book   |c Children Collection   |e Perbadanan Perpustakaan Awam Johor 
999 |a 0001392121   |b Book   |c Children Collection   |e Cawangan Taman Universiti 
999 |a 0001392122   |b Book   |c Children Collection   |e Cawangan Pontian 
999 |a 0001392123   |b Book   |c Children Collection   |e Cawangan Bandar Penawar 
999 |a 0001392125   |b Book   |c Children Collection   |e Cawangan Tmn. Ungku Tun Aminah 
999 |a 0001392126   |b Book   |c Children Collection   |e Cawangan Bandar Tenggara 
999 |a 0001392127   |b Book   |c Children Collection   |e Cawangan Mersing 
999 |a 0001392129   |b Book   |c Children Collection   |e Cawangan Batu Pahat 
999 |a 0001392130   |b Book   |c Children Collection   |e Cawangan Taman Sri Lambak 
999 |a 0001392132   |b Book   |c Children Collection   |e Cawangan Tangkak 
999 |a 0001392133   |b Book   |c Children Collection   |e Cawangan Bukit Gambir 
999 |a 0001392134   |b Book   |c Children Collection   |e Cawangan Segamat